[Event "Junior Online 4NCL Division 1"]
[Site "online"]
[Date "2021.08.19"]
[EventDate "2021.08.19"]
[Round "1.22"]
[White "Khanna, Pranav"]
[WhiteElo "1487"]
[WhiteTeam "Harrow Juniors B"]
[Black "Patel, Zain"]
[BlackElo "1677"]
[BlackTeam "KCS U13A"][Result "0-1"]
[PlyCount "30"]

1. e4 c5 2. Nc3 e6 3. f4 d5 4. exd5 exd5 5. Nf3 Nf6 6. Bb5+ Bd7 7. Bxd7+ Qxd7 8. O-O Be7 9. Ne5 Qe6 10. Re1 c4 11. Ng6 Qb6+ 12. Kh1 hxg6 13. Qe2 Nc6 14. d3 O-O-O 15. Be3 d4 {[W: 0:09:24; B: 0:09:26]} 0-1

[Event "Junior Online 4NCL Division 1"]
[Site "online"]
[Date "2021.08.19"]
[EventDate "2021.08.19"]
[Round "1.23"]
[White "Soulier, Alfred"]
[WhiteElo "1671"]
[WhiteTeam "KCS U13A"]
[Black "Grahame, Austin"]
[BlackElo "1090"]
[BlackTeam "Harrow Juniors B"][Result "1-0"]
[PlyCount "111"]

1. d4 d5 2. c4 c6 3. Nc3 Nf6 4. Nf3 Bg4 5. Bg5 e6 6. e3 h6 7. Bf4 Nbd7 8. Qc2 Bxf3 9. gxf3 Bb4 10. Bd3 Nh5 11. Bg3 Qf6 12. Qe2 O-O-O 13. Rc1 Rde8 14. a3 Bxc3+ 15. bxc3 Nxg3 16. fxg3 e5 17. cxd5 cxd5 18. Rf1 Kb8 19. f4 exd4 20. cxd4 Re7 21. Kd2 Rhe8 22. Rfe1 Qb6 23. Rb1 Qa5+ 24. Rb4 Rc8 25. Ra1 Nb6 26. Qd1 Nc4+ 27. Bxc4 Rxc4 28. Qb3 Rxb4 29. Qxb4 Qxb4+ 30. axb4 Rc7 31. Rc1 Rxc1 32. Kxc1 Kc7 33. Kc2 f5 34. h3 b6 35. Kb3 a5 36. Ka4 axb4 37. Kxb4 g6 38. Kb5 Kb7 39. g4 Kc7 40. g5 h5 41. h4 Kb7 42. Kb4 Ka6 43. Ka4 Kb7 44. Kb5 Kc7 45. Ka4 Kc6 46. Kb4 Kb7 47. Kb5 Ka7 48. Kc6 Kb8 49. Kxb6 Kc8 50. Kc6 Kd8 51. Kxd5 Ke7 52. Ke5 Kd7 53. Kf6 Kd6 54. Kxg6 Kd5 55. Kxf5 Kc4 56. e4 {[W: 0:00:36; B: 0:00:29]} 1-0

[Event "Junior Online 4NCL Division 1"]
[Site "online"]
[Date "2021.08.19"]
[EventDate "2021.08.19"]
[Round "1.24"]
[White "Grahame, Edgar"]
[WhiteElo "993"]
[WhiteTeam "Harrow Juniors B"]
[Black "Poghosyan, Jake"]
[BlackElo "1488"]
[BlackTeam "KCS U13A"][Result "0-1"]
[PlyCount "44"]

1. e4 c5 2. Bc4 e6 3. Nc3 Nf6 4. d3 d5 5. exd5 exd5 6. Bb5+ Nc6 7. Bxc6+ bxc6 8. Qe2+ Be7 9. Nf3 O-O 10. Ng5 Re8 11. Qg4 Bxg4 12. O-O d4 13. Nce4 Nxe4 14. Nxe4 f5 15. Nxc5 Bxc5 16. Bd2 Qh4 17. g3 Qh3 18. f3 Re2 19. Rf2 Rxf2 20. Kxf2 Qxh2+ 21. Ke1 Re8+ 22. Kf1 Bh3# {[W: 0:10:08; B: 0:07:59]} 0-1

[Event "Junior Online 4NCL Division 1"]
[Site "online"]
[Date "2021.08.19"]
[EventDate "2021.08.19"]
[Round "1.25"]
[White "Jayakumar, Bharath"]
[WhiteElo "1566"]
[WhiteTeam "Harrow Juniors B"]
[Black "Kumar, Sanjit S"]
[BlackElo "1677"]
[BlackTeam "KCS U13A"][Result "1-0"]
[PlyCount "75"]

1. e4 e5 2. Nf3 Nc6 3. d4 exd4 4. c3 dxc3 5. Nxc3 Bb4 6. Bd3 Nf6 7. O-O d6 8. h3 h6 9. Nd5 O-O 10. a3 Ba5 11. b4 Bb6 12. Bb2 Nxd5 13. exd5 Ne7 14. Bc2 Bf5 15. Nd4 Bxc2 16. Qxc2 Bxd4 17. Bxd4 Nxd5 18. Rac1 c6 19. Qb3 Nf6 20. Rfd1 d5 21. b5 Qd6 22. Bc5 Qd7 23. Bxf8 Rxf8 24. bxc6 bxc6 25. Qa4 Rc8 26. Rc2 Qb7 27. Rdc1 Ne4 28. Rxc6 Rxc6 29. Rxc6 Qb1+ 30. Kh2 Qb8+ 31. g3 g6 32. Qc2 Kg7 33. Kg2 h5 34. Qd3 Qd8 35. Qd4+ Kh7 36. Qxa7 d4 37. Qxf7+ Kh6 38. Qxg6# {[W: 0:02:32; B: 0:00:11]} 1-0

[Event "Junior Online 4NCL Division 1"]
[Site "online"]
[Date "2021.08.19"]
[EventDate "2021.08.19"]
[Round "1.26"]
[White "Patel, Zain"]
[WhiteElo "1677"]
[WhiteTeam "KCS U13A"]
[Black "Khanna, Pranav"]
[BlackElo "1487"]
[BlackTeam "Harrow Juniors B"][Result "1-0"]
[PlyCount "117"]

1. d4 d5 2. c4 c6 3. cxd5 cxd5 4. Nc3 Nf6 5. Bf4 a6 6. e3 Nc6 7. Nf3 Bg4 8. Bd3 e6 9. O-O Bd6 10. Bxd6 Qxd6 11. Re1 O-O 12. a3 e5 13. dxe5 Nxe5 14. Be2 Rac8 15. Nxe5 Bxe2 16. Rxe2 Qxe5 17. Rd2 Rfd8 18. Rc1 b5 19. Nxd5 Rxc1 20. Nxf6+ Qxf6 21. Rxd8+ Qxd8 22. Qxc1 h6 23. h3 Qd3 24. Qc8+ Kh7 25. Qxa6 Qb1+ 26. Kh2 Qxb2 27. f3 Qe5+ 28. Kh1 Qa1+ 29. Kh2 Qe5+ 30. Kg1 Qxe3+ 31. Kf1 Qd3+ 32. Kf2 Qb3 33. Kg3 b4 34. axb4 Qxb4 35. Qd3+ g6 36. Qd5 Qb8+ 37. f4 Qe8 38. Qb3 Qe1+ 39. Kh2 Qe7 40. Qc3 Qe4 41. Qf6 Qe8 42. Kg3 Qe3+ 43. Kh4 Qf2+ 44. g3 g5+ 45. Kg4 Qe2+ 46. Kf5 Qd3+ 47. Ke5 Qe3+ 48. Kd6 Qb6+ 49. Ke7 Qc7+ 50. Kf8 Qc8+ 51. Kxf7 Qd7+ 52. Qe7 Qf5+ 53. Ke8+ Kg6 54. Qd6+ Qf6 55. Qd3+ Qf5 56. Qxf5+ Kxf5 57. fxg5 hxg5 58. Kf7 g4 59. h4 {[W: 0:03:48; B: 0:05:46]} 1-0

[Event "Junior Online 4NCL Division 1"]
[Site "online"]
[Date "2021.08.19"]
[EventDate "2021.08.19"]
[Round "1.27"]
[White "Grahame, Austin"]
[WhiteElo "1090"]
[WhiteTeam "Harrow Juniors B"]
[Black "Soulier, Alfred"]
[BlackElo "1671"]
[BlackTeam "KCS U13A"][Result "0-1"]
[PlyCount "42"]

1. e4 c5 2. Nf3 d6 3. d4 cxd4 4. Nxd4 Nf6 5. Nc3 a6 6. a4 e6 7. Bg5 Be7 8. Bc4 Nc6 9. O-O O-O 10. Nxc6 bxc6 11. b4 d5 12. exd5 cxd5 13. Bxf6 Bxf6 14. Bxd5 exd5 15. Nxd5 Bxa1 16. Qxa1 Qxd5 17. Rd1 Qc6 18. Qd4 Bb7 19. f3 Qxc2 20. b5 axb5 21. axb5 Ra2 {[W: 0:06:43; B: 0:03:52]} 0-1

[Event "Junior Online 4NCL Division 1"]
[Site "online"]
[Date "2021.08.19"]
[EventDate "2021.08.19"]
[Round "1.28"]
[White "Poghosyan, Jake"]
[WhiteElo "1488"]
[WhiteTeam "KCS U13A"]
[Black "Grahame, Edgar"]
[BlackElo "993"]
[BlackTeam "Harrow Juniors B"][Result "1-0"]
[PlyCount "97"]

1. c4 Nc6 2. Nc3 a6 3. g3 Nf6 4. Bg2 d6 5. e3 Bg4 6. f3 Bf5 7. Nge2 e5 8. O-O Be7 9. e4 Be6 10. b3 O-O 11. d4 exd4 12. Nxd4 Nxd4 13. Qxd4 c5 14. Qd1 Qa5 15. Bd2 Qc7 16. Nd5 Bxd5 17. exd5 b5 18. f4 bxc4 19. bxc4 h6 20. Qe1 Rfe8 21. Ba5 Qa7 22. Qc3 Ng4 23. h3 Nf6 24. Rab1 Bd8 25. Rb2 Bxa5 26. Qxa5 Rab8 27. Rfb1 Rxb2 28. Rxb2 Ne4 29. Bxe4 Rxe4 30. Qd8+ Kh7 31. Qxd6 Qe7 32. Qxe7 Rxe7 33. Rb6 Re3 34. Rxa6 Rxg3+ 35. Kh2 Rc3 36. Rc6 Rxc4 37. d6 Rxf4 38. Rxc5 Rf2+ 39. Kg3 Rxa2 40. Rd5 Ra6 41. d7 Ra8 42. d8=Q Rxd8 43. Rxd8 Kg6 44. Kg4 f5+ 45. Kf4 h5 46. Rd6+ Kh7 47. Kxf5 Kh8 48. Kg6 Kg8 49. Rd8# {[W: 0:06:33; B: 0:09:56]} 1-0

[Event "Junior Online 4NCL Division 2"]
[Site "online"]
[Date "2021.08.19"]
[EventDate "2021.08.19"]
[Round "1.71"]
[White "Shkuratovskyi, Makariy"]
[WhiteElo "1242"]
[WhiteTeam "KJCA Young Kestrels F"]
[Black "Sivanandan, Bodhana"]
[BlackElo "1588"]
[BlackTeam "Harrow Juniors C"]
[Result "0-1"]
[PlyCount "50"]

1. e4 e5 2. Nf3 Nc6 3. Bc4 h6 4. c3 Nf6 5. Qe2 Be7 6. d4 exd4 7. cxd4 d6 8. O-O Bg4 9. Nbd2 Nxd4 10. Qe3 Nc2 11. Qc3 Nxa1 12. h3 Bxf3 13. Nxf3 Nxe4 14. Qd3 Nc5 15. Qb1 O-O 16. Qxa1 Bf6 17. Re1 Qd7 18. Be3 Rfe8 19. Bd4 Bxd4 20. Nxd4 Rxe1+ 21. Qxe1 Re8 22. Qd2 a6 23. b4 Ne4 24. Qb2 b5 25. Bd5 Qe7 {[W: 0:09:42; B: 0:08:56]} 0-1

[Event "Junior Online 4NCL Division 2"]
[Site "online"]
[Date "2021.08.19"]
[EventDate "2021.08.19"]
[Round "1.74"]
[White "Shah, Kian"]
[WhiteElo "596"]
[WhiteTeam "Harrow Juniors C"]
[Black "Yuan, Ryan"]
[BlackElo "1154"]
[BlackTeam "KJCA Young Kestrels F"]
[Result "0-1"]
[PlyCount "90"]

1. e4 e5 2. Nf3 Nc6 3. d3 Bc5 4. g4 d6 5. h4 Bxg4 6. Rg1 h5 7. Be2 Nd4 8. Bf1 Nxf3+ 9. Ke2 Nxg1+ 10. Ke1 Bxd1 11. Kxd1 Bxf2 12. c4 Qxh4 13. b4 Qg4+ 14. Kc2 Nf6 15. Nc3 Bd4 16. Rb1 Bxc3 17. Kxc3 Ne2+ 18. Bxe2 Qxe2 19. Rb2 Qe3 20. Bxe3 O-O-O 21. a3 Ng4 22. Bd2 Nf2 23. Kc2 Ng4 24. Rb1 Nf6 25. Rf1 Kb8 26. Rg1 g6 27. b5 Nd7 28. Bc3 Nc5 29. Bb4 Rd7 30. Bxc5 dxc5 31. d4 Rxd4 32. Rd1 Rxd1 33. Kxd1 Rd8+ 34. Kc1 Rd4 35. Kc2 Rxc4+ 36. Kb3 Rxe4 37. a4 h4 38. Kc3 h3 39. Kd3 Rh4 40. Ke3 h2 41. Kf2 h1=Q 42. Kg3 Qh2+ 43. Kf3 Qf4+ 44. Ke2 Rh2+ 45. Kd3 Qd4# {[W: 0:06:23; B: 0:09:56]} 0-1

[Event "Junior Online 4NCL Division 2"]
[Site "online"]
[Date "2021.08.19"]
[EventDate "2021.08.19"]
[Round "1.75"]
[White "Sivanandan, Bodhana"]
[WhiteElo "1588"]
[WhiteTeam "Harrow Juniors C"]
[Black "Shkuratovskyi, Makariy"]
[BlackElo "1242"]
[BlackTeam "KJCA Young Kestrels F"]
[Result "1-0"]
[PlyCount "71"]

1. e4 e5 2. Nf3 Nf6 3. Nc3 Bb4 4. d3 d6 5. h3 O-O 6. Be2 Nc6 7. Bd2 Be6 8. O-O Qd7 9. Ng5 Nd4 10. Nxe6 Qxe6 11. a3 Bc5 12. Be3 Rad8 13. Bf3 c6 14. Na4 b6 15. Nxc5 bxc5 16. b4 cxb4 17. axb4 Ra8 18. c3 Nb5 19. Qd2 d5 20. exd5 cxd5 21. d4 e4 22. Be2 Qc6 23. Rac1 a5 24. bxa5 Rxa5 25. c4 Raa8 26. cxb5 Qd6 27. Bf4 Qe7 28. Rc7 Qa3 29. Rc6 Rfd8 30. Qc1 Qb4 31. Qc3 Qa5 32. Qxa5 Rxa5 33. Bc7 Rda8 34. Bxa5 Rxa5 35. Rc8+ Ne8 36. Rxe8# {[W: 0:06:42; B: 0:03:47]} 1-0

[Event "Junior Online 4NCL Division 2"]
[Site "online"]
[Date "2021.08.19"]
[EventDate "2021.08.19"]
[Round "1.78"]
[White "Yuan, Ryan"]
[WhiteElo "1154"]
[WhiteTeam "KJCA Young Kestrels F"]
[Black "Shah, Kian"]
[BlackElo "596"]
[BlackTeam "Harrow Juniors C"]
[Result "1-0"]
[PlyCount "53"]

1. e4 e5 2. Nf3 d6 3. Bc4 c6 4. Nc3 b5 5. Bb3 b4 6. Ne2 c5 7. Ng3 d5 8. exd5 e4 9. Nxe4 c4 10. Bxc4 b3 11. axb3 Qc7 12. O-O Bb4 13. c3 Bc5 14. d4 Be7 15. d6 Bxd6 16. Nxd6+ Qxd6 17. Re1+ Kd8 18. Ne5 f6 19. Nf7+ Kd7 20. Nxd6 Kxd6 21. Bf4+ Kd7 22. Qg4+ f5 23. Qxf5+ Kd8 24. Qd5+ Nd7 25. Qxa8 Nb6 26. Qxa7 Ne7 27. Qxe7# {[W: 0:09:34; B: 0:09:34]} 1-0

[Event "Junior Online 4NCL Division 2"]
[Site "online"]
[Date "2021.08.19"]
[EventDate "2021.08.19"]
[Round "1.121"]
[White "Grahame, Silas"]
[WhiteElo "927"]
[WhiteTeam "Harrow Juniors D"]
[Black "Rida, Ruqayyah"]
[BlackElo "1667"]
[BlackTeam "Colchester Juniors A"]
[Result "0-1"]
[PlyCount "80"]

1. d4 Nf6 2. c4 g6 3. Nc3 Bg7 4. Nf3 O-O 5. Bf4 d6 6. e3 Nbd7 7. Bd3 c5 8. d5 h6 9. h4 a6 10. O-O Nh5 11. Bh2 Nb6 12. Na4 Nxa4 13. Qxa4 Bxb2 14. Rab1 Bg7 15. Be2 Nf6 16. Qc2 Bf5 17. Bd3 Bg4 18. Nd2 Qc8 19. Kh1 Bd7 20. Rg1 Ng4 21. Rbf1 Nxh2 22. Kxh2 Qd8 23. Nf3 b5 24. cxb5 axb5 25. h5 c4 26. Be4 f5 27. hxg6 fxe4 28. Qxe4 Bf5 29. Qf4 Bd3 30. Qg4 Bxf1 31. Rxf1 Qc8 32. Qh4 Qf5 33. Qxe7 Qxg6 34. Nh4 Qf6 35. Qe4 Rae8 36. Qc2 Qxh4+ 37. Kg1 Re5 38. Rb1 Rh5 39. Kf1 Qh1+ 40. Ke2 Qxg2 {[W: 0:02:16; B: 0:02:03]} 0-1

[Event "Junior Online 4NCL Division 2"]
[Site "online"]
[Date "2021.08.19"]
[EventDate "2021.08.19"]
[Round "1.122"]
[White "Pereira. Nolan"]
[WhiteElo "1606"]
[WhiteTeam "Colchester Juniors A"]
[Black "Wang, Xiling"]
[BlackElo "889"]
[BlackTeam "Harrow Juniors D"]
[Result "1-0"]
[PlyCount "101"]

1. d4 d5 2. c4 dxc4 3. e4 Nc6 4. d5 Nd4 5. Qxd4 Nf6 6. Bxc4 b6 7. Nc3 c5 8. Qe3 Ng4 9. Qf3 Ne5 10. Qe2 e6 11. f4 Nxc4 12. Qxc4 Be7 13. Nf3 O-O 14. O-O exd5 15. Nxd5 Be6 16. Nxe7+ Qxe7 17. Qe2 f6 18. f5 Bf7 19. Bf4 Bh5 20. Qc4+ Rf7 21. Rad1 Bxf3 22. Rxf3 b5 23. Qxb5 Qxe4 24. Qd3 Qb4 25. Qd5 Re8 26. Qd2 Qb6 27. Kh1 Qe6 28. Re3 Qc6 29. Rxe8+ Qxe8 30. Qd8 Qxd8 31. Rxd8+ Rf8 32. Rd7 g5 33. Bd6 Re8 34. Kg1 Re2 35. Bxc5 Rxb2 36. Rxa7 Rb5 37. Ra8+ Kg7 38. Bf8+ Kf7 39. a4 Rxf5 40. a5 h5 41. a6 g4 42. a7 h4 43. Bd6 Ke6 44. Re8+ Kxd6 45. a8=Q Rc5 46. Qd8+ Kc6 47. Qc8+ Kb6 48. Re6+ Ka7 49. Qxc5+ Kb7 50. Rb6+ Ka7 51. Qa5# {[W: 0:07:30; B: 0:06:50]} 1-0

[Event "Junior Online 4NCL Division 2"]
[Site "online"]
[Date "2021.08.19"]
[EventDate "2021.08.19"]
[Round "1.124"]
[White "Shiva, Shrishti"]
[WhiteElo "1463"]
[WhiteTeam "Colchester Juniors A"]
[Black "Horwood, Alexander"]
[BlackElo "627"]
[BlackTeam "Harrow Juniors D"]
[Result "1-0"]
[PlyCount "55"]

1. e4 d5 2. exd5 c6 3. dxc6 Nxc6 4. Nf3 e5 5. Nc3 Nf6 6. Bc4 Bc5 7. d3 Nd4 8. Bg5 Nxf3+ 9. Qxf3 Bg4 10. Bxf6 Qxf6 11. Qg3 Be6 12. Ne4 Qe7 13. Bxe6 Qxe6 14. Nxc5 Qb6 15. Qxe5+ Kf8 16. Nd7+ Kg8 17. Nxb6 axb6 18. O-O Kf8 19. Qd6+ Kg8 20. Rfe1 g6 21. Re7 Kg7 22. Qxb6 Rhf8 23. a3 Kh6 24. Qe3+ Kg7 25. Qe5+ Kh6 26. Re1 f6 27. Qg3 Rab8 28. Qh4# {[W: 0:08:25; B: 0:08:53]} 1-0

[Event "Junior Online 4NCL Division 2"]
[Site "online"]
[Date "2021.08.19"]
[EventDate "2021.08.19"]
[Round "1.125"]
[White "Rida, Ruqayyah"]
[WhiteElo "1667"]
[WhiteTeam "Colchester Juniors A"]
[Black "Grahame, Silas"]
[BlackElo "927"]
[BlackTeam "Harrow Juniors D"]
[Result "1-0"]
[PlyCount "31"]

1. e4 e5 2. Nf3 Nc6 3. Bc4 Nf6 4. d3 Bc5 5. c3 O-O 6. O-O d6 7. h3 a6 8. Bb3 Na5 9. Bc2 Nc6 10. Nbd2 Be6 11. Re1 Qe7 12. Nf1 Nh5 13. a3 Nf4 14. Bxf4 exf4 15. d4 Bb6 16. d5 {[W: 0:10:12; B: 0:06:40]} 1-0

[Event "Junior Online 4NCL Division 2"]
[Site "online"]
[Date "2021.08.19"]
[EventDate "2021.08.19"]
[Round "1.126"]
[White "Wang, Xiling"]
[WhiteElo "889"]
[WhiteTeam "Harrow Juniors D"]
[Black "Pereira. Nolan"]
[BlackElo "1606"]
[BlackTeam "Colchester Juniors A"]
[Result "0-1"]
[PlyCount "78"]

1. e4 c5 2. Nf3 d6 3. Nc3 Nc6 4. Bb5 Qb6 5. O-O Nf6 6. d3 a6 7. Bc4 e6 8. Bg5 Qxb2 9. Qd2 Qb6 10. Na4 Qc7 11. Bxf6 gxf6 12. d4 b5 13. d5 Ne5 14. Nxe5 dxe5 15. dxe6 bxc4 16. exf7+ Qxf7 17. Nxc5 Bxc5 18. Rab1 Bb7 19. Rfd1 Bxe4 20. Rb2 Qg6 21. Qd7+ Kf8 22. g3 Qf5 23. Qxf5 Bxf5 24. Rd7 Bxd7 25. Rb7 Bb5 26. a4 Bxa4 27. Rb1 Bxc2 28. Rc1 Bb3 29. Rc3 a5 30. Kf1 a4 31. Rc1 a3 32. Ra1 Bd4 33. Rd1 Bxd1 34. Ke1 a2 35. Kxd1 a1=Q+ 36. Ke2 Qa3 37. f4 Rb8 38. Kd2 Rb2+ 39. Kc1 Qa1# {[W: 0:08:00; B: 0:10:15]} 0-1

[Event "Junior Online 4NCL Division 2"]
[Site "online"]
[Date "2021.08.19"]
[EventDate "2021.08.19"]
[Round "1.128"]
[White "Horwood, Alexander"]
[WhiteElo "627"]
[WhiteTeam "Harrow Juniors D"]
[Black "Shiva, Shrishti"]
[BlackElo "1463"]
[BlackTeam "Colchester Juniors A"]
[Result "1-0"]
[PlyCount "99"]

1. e4 e5 2. Nf3 Nc6 3. c3 Bc5 4. d4 exd4 5. cxd4 Bb4+ 6. Bd2 Bxd2+ 7. Qxd2 d6 8. d5 Nce7 9. Nc3 Nf6 10. Bc4 Bd7 11. e5 dxe5 12. Nxe5 O-O 13. Qf4 Ng6 14. Nxg6 fxg6 15. d6+ Kh8 16. dxc7 Qe7+ 17. Be2 Rac8 18. O-O Bc6 19. Rfe1 Qxc7 20. Qxc7 Rxc7 21. Rac1 Rcc8 22. Red1 Rcd8 23. Bc4 Ng4 24. h3 Rxd1+ 25. Rxd1 Ne5 26. Bd5 Bxd5 27. Rxd5 Nc6 28. Rb5 Rf7 29. Nd5 Rd7 30. Nc3 h6 31. Na4 Nd4 32. Rb4 Nc6 33. Rb3 Rd1+ 34. Kh2 b6 35. Nc3 Rd2 36. f3 Nd4 37. Ra3 Nxf3+ 38. Kg3 Ne1 39. Rxa7 Rxg2+ 40. Kf4 g5+ 41. Ke5 Rxb2 42. Ra8+ Kh7 43. Ra7 Nf3+ 44. Kf5 Nd4+ 45. Kg4 Rg2+ 46. Kh5 Ne6 47. Nd5 Rh2 48. Nf6+ Kh8 49. Ra8+ Nf8 50. Rxf8# {[W: 0:05:04; B: 0:05:15]} 1-0

[Event "Junior Online 4NCL Division 3"]
[Site "online"]
[Date "2021.08.19"]
[EventDate "2021.08.19"]
[Round "1.31"]
[White "Li, Lucian"]
[WhiteElo "1348"]
[WhiteTeam "Uxbridge B"]
[Black "Thompson, Alex"]
[BlackElo "913"]
[BlackTeam "Barnet Knights D"]
[Result "1-0"]
[PlyCount "49"]

1. e4 e5 2. Nf3 Nc6 3. Bc4 Be7 4. c3 Nf6 5. d3 O-O 6. O-O d6 7. Be3 Bg4 8. Nbd2 Qd7 9. Qc2 Bxf3 10. Nxf3 Nh5 11. d4 Nf4 12. Bxf4 exf4 13. d5 Ne5 14. Nxe5 dxe5 15. Rad1 Qg4 16. f3 Qh5 17. Rd2 Bc5+ 18. Kh1 f5 19. exf5 Rxf5 20. d6+ Kh8 21. dxc7 Rc8 22. Be6 Rxc7 23. Qxf5 Qxf5 24. Bxf5 Be3 25. Rd8# 1-0

[Event "Junior Online 4NCL Division 3"]
[Site "online"]
[Date "2021.08.19"]
[EventDate "2021.08.19"]
[Round "1.32"]
[White "Marshall, Wilfred"]
[WhiteElo "886"]
[WhiteTeam "Barnet Knights D"]
[Black "Jebananthan, Jeshan"]
[BlackElo "1230"]
[BlackTeam "Uxbridge B"]
[Result "1-0"]
[PlyCount "39"]

1. e4 e5 2. Nf3 Nc6 3. d4 exd4 4. Nxd4 Bc5 5. Nxc6 dxc6 6. Bc4 Qh4 7. O-O Nf6 8. g3 Qh3 9. Be2 Bg4 10. Bf3 O-O 11. Nc3 Rad8 12. Qe2 Rfe8 13. e5 Nd7 14. Bxg4 Rxe5 15. Bxh3 Rxe2 16. Nxe2 Ne5 17. Bf4 Nf3+ 18. Kg2 Nd2 19. Rfd1 b5 20. Rxd2 1-0

[Event "Junior Online 4NCL Division 3"]
[Site "online"]
[Date "2021.08.19"]
[EventDate "2021.08.19"]
[Round "1.33"]
[White "Devanathan, Harshathan"]
[WhiteElo "1117"]
[WhiteTeam "Uxbridge B"]
[Black "Grose, Ariyana"]
[BlackElo "893"]
[BlackTeam "Barnet Knights D"]
[Result "1-0"]
[PlyCount "89"]

1. Nf3 Nf6 2. g3 d5 3. d4 Nc6 4. Bg2 Bf5 5. Bf4 e6 6. Nc3 Bb4 7. a3 Bxc3+ 8. bxc3 h6 9. Rb1 Rb8 10. O-O Ne4 11. Bd2 O-O 12. Nh4 Nxd2 13. Qxd2 Qg5 14. Qxg5 hxg5 15. Nxf5 exf5 16. Rfd1 b6 17. Bxd5 Na5 18. Re1 Rfe8 19. f3 Re3 20. c4 Rxa3 21. c5 b5 22. e4 Rxf3 23. exf5 Rxf5 24. Be4 Rf6 25. Bd3 a6 26. Re2 Nc4 27. Rbe1 Rf8 28. Re8 g6 29. Rxf8+ Kxf8 30. Bxc4 bxc4 31. Rb1 a5 32. Rb8+ Kg7 33. Ra8 Rf3 34. d5 a4 35. d6 cxd6 36. cxd6 a3 37. d7 a2 38. d8=Q a1=Q+ 39. Rxa1 Rc3 40. Qd4+ Kh6 41. Qxc3 Kh5 42. h3 g4 43. Qe3 gxh3 44. Ra5+ Kg4 45. Qf4# 1-0

[Event "Junior Online 4NCL Division 3"]
[Site "online"]
[Date "2021.08.19"]
[EventDate "2021.08.19"]
[Round "1.35"]
[White "Thompson, Alex"]
[WhiteElo "913"]
[WhiteTeam "Barnet Knights D"]
[Black "Li, Lucian"]
[BlackElo "1348"]
[BlackTeam "Uxbridge B"]
[Result "0-1"]
[PlyCount "50"]

1. b4 e5 2. Bb2 d6 3. e4 Nf6 4. Nf3 Nxe4 5. d3 Nf6 6. Be2 Be6 7. O-O Be7 8. Ng5 Qd7 9. Nxe6 Qxe6 10. Nd2 O-O 11. Ne4 Nxe4 12. dxe4 Qh6 13. Bc1 Bg5 14. f4 exf4 15. Bxf4 Bxf4 16. g3 Be3+ 17. Kh1 Bd4 18. c3 Bxc3 19. Rc1 Be5 20. Rf5 Nc6 21. Rh5 Qf6 22. Rf5 Qe7 23. Bh5 Nd4 24. Rxe5 dxe5 25. Qxd4 exd4 0-1

[Event "Junior Online 4NCL Division 3"]
[Site "online"]
[Date "2021.08.19"]
[EventDate "2021.08.19"]
[Round "1.36"]
[White "Jebananthan, Jeshan"]
[WhiteElo "1230"]
[WhiteTeam "Uxbridge B"]
[Black "Marshall, Wilfred"]
[BlackElo "886"]
[BlackTeam "Barnet Knights D"]
[Result "1-0"]
[PlyCount "57"]

1. e4 c5 2. Nf3 Nc6 3. Bc4 e6 4. d4 b6 5. Bf4 Nf6 6. Nc3 Be7 7. O-O Bb7 8. Qd2 Nxd4 9. Nxd4 cxd4 10. Qxd4 Bc5 11. Qd3 O-O 12. Rad1 Nh5 13. Be5 f6 14. Bd6 Bxd6 15. Qxd6 Rc8 16. Qd3 f5 17. exf5 Rxf5 18. Qxf5 g6 19. Qg4 Nf6 20. Qf4 Nh5 21. Qe5 Rxc4 22. b3 Rg4 23. g3 Qf8 24. Rxd7 Nf4 25. Rxb7 Nh3+ 26. Kg2 Nf4+ 27. Kh1 Nh3 28. f3 Qa8 29. Qg7# 1-0

[Event "Junior Online 4NCL Division 3"]
[Site "online"]
[Date "2021.08.19"]
[EventDate "2021.08.19"]
[Round "1.37"]
[White "Grose, Ariyana"]
[WhiteElo "893"]
[WhiteTeam "Barnet Knights D"]
[Black "Devanathan, Harshathan"]
[BlackElo "1117"]
[BlackTeam "Uxbridge B"]
[Result "1-0"]
[PlyCount "59"]

1. e4 e5 2. Nf3 Nf6 3. Bc4 Bc5 4. b4 Bxb4 5. c3 Ba5 6. d4 d6 7. Qb3 O-O 8. dxe5 dxe5 9. O-O Qe7 10. Ba3 c5 11. Nbd2 Be6 12. Ng5 Nc6 13. Nxe6 fxe6 14. Bxe6+ Kh8 15. Nf3 b6 16. Bd5 Rac8 17. Rad1 Rfd8 18. Qb5 Nxd5 19. exd5 Nb8 20. Rfe1 a6 21. Qb1 Bxc3 22. Re3 Bd4 23. Rb3 Qd7 24. Rxb6 Qxd5 25. Qf5 Bxf2+ 26. Kxf2 Qxd1 27. Ng5 g6 28. Qf6+ Kg8 29. Qf7+ Kh8 30. Qxh7# 1-0

[Event "Junior Online 4NCL Division 3"]
[Site "online"]
[Date "2021.08.19"]
[EventDate "2021.08.19"]
[Round "1.41"]
[White "Man, Felix"]
[WhiteElo "1264"]
[WhiteTeam "Muswell Hill Primary"]
[Black "Catabay, Rezin C"]
[BlackElo "1370"]
[BlackTeam "Colchester Juniors B"]
[Result "1/2-1/2"]
[PlyCount "164"]

1. e4 c6 2. Nf3 d5 3. exd5 cxd5 4. d4 Nc6 5. Bf4 Nf6 6. Nc3 Bf5 7. Be2 e6 8. O-O Be7 9. Bb5 O-O 10. Bxc6 bxc6 11. Re1 c5 12. dxc5 Bxc5 13. Be3 Qb6 14. Bxc5 Qxc5 15. Qd4 Rfc8 16. Qxc5 Rxc5 17. Rec1 Rac8 18. Nd4 Bg6 19. f3 Rc4 20. Ndb5 Ra8 21. a4 d4 22. Na3 Rc6 23. Ncb5 e5 24. Re1 a6 25. Rxe5 axb5 26. Rxb5 Bxc2 27. Nxc2 Rxc2 28. a5 d3 29. Rb4 d2 30. Rf1 Rc1 31. Rd4 Rxf1+ 32. Kxf1 Kf8 33. Rxd2 Rxa5 34. b4 Ra1+ 35. Ke2 Rb1 36. Rd4 Rb2+ 37. Kf1 Ke7 38. g4 h6 39. Kg1 Ke6 40. Rc4 Rb1+ 41. Kg2 Kd5 42. Rc7 Rxb4 43. Rxf7 Rb2+ 44. Kg3 Ke5 45. Rxg7 h5 46. Rg5+ Ke6 47. gxh5 Rb1 48. h6 Rg1+ 49. Kf4 Rh1 50. Re5+ Kf7 51. Re2 Kg6 52. Rg2+ Kxh6 53. Kf5 Nh5 54. Rg6+ Kh7 55. Rg2 Ra1 56. Kg4 Nf6+ 57. Kf5 Ng8 58. Ke6 Ra6+ 59. Kf5 Rf6+ 60. Ke4 Nh6 61. f4 Nf7 62. f5 Rh6 63. Kf4 Rh4+ 64. Kf3 Rh3+ 65. Kf2 Rh5 66. f6 Rf5+ 67. Kg1 Rxf6 68. h4 Rh6 69. Rh2 Ne5 70. Kg2 Kg6 71. Kg3 Kh5 72. Kf4 Ng6+ 73. Kg3 Rh8 74. Kf3 Nxh4+ 75. Kg3 Rg8+ 76. Kf4 Ra8 77. Kg3 Kg5 78. Re2 Ra3+ 79. Kf2 Rf3+ 80. Ke1 Kf4 81. Rf2 Ke3 82. Rxf3+ Nxf3+ 1/2-1/2

[Event "Junior Online 4NCL Division 3"]
[Site "online"]
[Date "2021.08.19"]
[EventDate "2021.08.19"]
[Round "1.42"]
[White "Catabay, Asci-Khela"]
[WhiteElo "1348"]
[WhiteTeam "Colchester Juniors B"]
[Black "Bagshaw, Freddie"]
[BlackElo "1160"]
[BlackTeam "Muswell Hill Primary"]
[Result "1-0"]
[PlyCount "131"]

1. Nf3 d5 2. g3 Nf6 3. Bg2 e6 4. O-O Bd6 5. d3 O-O 6. Re1 Ng4 7. e4 Bc5 8. Be3 Be7 9. exd5 Qxd5 10. Nc3 Qh5 11. h3 Nf6 12. g4 Qa5 13. Ne4 Nc6 14. Nxf6+ Bxf6 15. c3 Ne5 16. Nxe5 Bxe5 17. d4 Bd6 18. Qf3 h6 19. h4 f6 20. Qh3 e5 21. dxe5 Qxe5 22. Bxh6 Qc5 23. Be3 Qb5 24. Bf1 Qxb2 25. Bc4+ Kh8 26. Rac1 b5 27. Bb3 a5 28. Qf3 Ra6 29. Qe4 a4 30. Bc2 f5 31. Qd3 Qxa2 32. g5 Rd8 33. Qxb5 a3 34. h5 Qf7 35. g6 Qf6 36. Bd4 Qh4 37. Bxf5 a2 38. Bxc8 Rxc8 39. Qxa6 Qh2+ 40. Kf1 Rf8 41. Qxa2 Qh1+ 42. Ke2 Qxh5+ 43. Kd2 Bf4+ 44. Be3 Rd8+ 45. Kc2 Qxg6+ 46. Kb2 Rb8+ 47. Ka1 Be5 48. Bd4 Bf4 49. Rb1 Rd8 50. Qe6 Qd3 51. Rb2 Ra8+ 52. Ra2 Qd2 53. Rh1+ Bh6 54. Rxh6+ Qxh6 55. Qxh6+ Kg8 56. Rxa8+ Kf7 57. Qxg7+ Ke6 58. Qxc7 Kd5 59. Bg7 Ke4 60. Ra4+ Kd3 61. Qg3+ Ke2 62. Ra2+ Kf1 63. Qh3+ Kg1 64. Qd3 Kg2 65. f4+ Kh1 66. Qd1# 1-0